New Zealand All Blacks Rugby - The Smiths - Statistics

General Stats
  • This quiz has been taken 56 times
  • The average score is 4 of 11
Answer Stats
Years Tests Played Answer % Correct
2012-2019 92 Aaron Smith
98%
2009-2019 82 Ben Smith
94%
2004-2015 94 Conrad Smith
90%
1980-1985 17 Wayne Smith
50%
1946-1949 4 Johnny Smith
38%
1983-1984 3 Bruce Smith
15%
1897-1904 2 George Smith
15%
1967-1970 3 Alan Smith
12%
1963-1966 9 Ian Smith
8%
1905 1 William Smith
4%
1955 1 Ross Smith
2%
No matching quizzes found
Score Distribution
Percent of People with Each Score
Percentile by Number Answered
Your Score History
You have not taken this quiz